Seçimden koalisyona (Record no. 7657)

MARC details
000 -BAŞLIK
Sabit Uzunlukta Kontrol Alanı 00900na a2200301 4500
001 - KONTROL NUMARASI
Denetim Alanı 15823
003 - KONTROL NUMARASI IDENTIFIER
Denetim Alanı MIRAKIL
005 - SON İŞLEM TARİHİ VE ZAMANI
Denetim Alanı 20181213155146.0
008 - SABİT-BOY VERİ ELEMANLARI - GENEL BİLGİLER
Sabit Uzunlukta Kontrol Alanı 160924b tu 000 0
020 ## - ULUSLARARASI STANDART KİTAP NUMARASI
Uluslararası Standart Kitap Numarası 9753736393
035 ## - SİSTEM KONTROL NUMARASI
Sistem Kontrol Numarası 15823
040 ## - KATALOGLAMA KAYNAK
Orijinal Kataloglama Ajansı Milas
Kataloglama Dili tur
Metne Dönüştürmek Ajansı TR-AnCHP
082 ## - DEWEY ONLU SINIFLANDIRMA NUMARASI
Sınıflandırma Numarası 324.63
Ürün Numarası A43s 1999
090 ## - SINIFLAMA NUMARASI
Sınıflama Numarası 324.63 A43s 1999
100 ## - ANA GİRİŞ - KİŞİSEL İSİM
Kişisel Ad Aleskerov, Fuad
Bir Adıyla İlişkilendirilen Tarihler 1951-
245 ## - BAŞLIK TABLOSU
Başlık Seçimden koalisyona
Başlığın Kalan Siyasal karar alma
Sorumluluk Tablosu, Vb Fuad Aleskerov, Hasan Ersel, Yavuz Sabuncu
260 ## - YAYIN, DAĞITIM, VB
Yayın, Dağıtım, Vb Yeri İstanbul
Yayıncı, Dağıtıcı, Vs Adı Yapı Kredi
Yayın, Dağıtım, Vb Tarihi 1999
300 ## - FİZİKSEL TANIM
Kapsam 260 s.
Diğer Fiziksel Ayrıntıları şkl. , tbl.
Boyutlar 21 sm.
490 ## - SERİSİ TABLOSU
Seri Beyanı Cogito
Hacim / Ardışık Tanımı 84
504 ## - KAYNAKÇA VB NOT
Kaynakça Vb Notu Kaynakça var.
650 ## - KONU KATMA GİRİŞ - TOPİKAL DÖNEM
Topikal Süreli Veya Coğrafi Ad Giriş Elemanı Seçimler
Genel Alt Bölümü Oy verme
Kronolojik Alt Bölümü Seçmen davranışı
650 ## - KONU KATMA GİRİŞ - TOPİKAL DÖNEM
Topikal Süreli Veya Coğrafi Ad Giriş Elemanı Siyaset bilimi
Genel Alt Bölümü Karar verme
650 ## - KONU KATMA GİRİŞ - TOPİKAL DÖNEM
Topikal Süreli Veya Coğrafi Ad Giriş Elemanı Hükümet sistemleri
Genel Alt Bölümü Koalisyon
650 ## - KONU KATMA GİRİŞ - TOPİKAL DÖNEM
Topikal Süreli Veya Coğrafi Ad Giriş Elemanı Siyasal partiler
Genel Alt Bölümü Parti sistemleri
700 ## - KATMA GİRİŞ - KİŞİSEL İSİM
Kişisel Ad Ersel, Hasan
700 ## - KATMA GİRİŞ - KİŞİSEL İSİM
Kişisel Ad Sabuncu, Yavuz
942 ## - EKLENDİ GİRİŞ ELEMANLARI (KOHA)
Sınıflandırma Veya Raf Düzeni Kaynak Dewey Decimal Classification
Koha Öğesi Türü Books
999 ## - SİSTEM KONTROL NUMARALARI (KOHA)
Koha Biblionumber 7657
Koha Biblioitemnumber 7657
Holdings
Kalıcı Konum Mevcut Konum Edinme Tarihi Edinim Kaynak Toplam Check-Out'Lar Tam Çağrı Numarası Barkod Tarih Son Görülme İtibaren Geçerli Fiyatlar Koha Öğesi Türü Kopya Sayısı
CHP Kütüphanesi CHP Kütüphanesi 09/24/2016 Bağış   324.63 A43s 1999 004156 09/24/2016 09/24/2016 Books  
CHP Kütüphanesi CHP Kütüphanesi 11/24/2016 Bağış   324.63 A43s 1999 006133 11/24/2016 11/24/2016 Books k.2